00480nam a2200205Ia 450000500170000000800460001702000180006303700100008104000080009104000080009904000080010704100080011504100080012308400080013124500310013926000260017026000090019665000200020585600490022520260306150800.0008 260114s9999 xx 000 0 eng d a9780300159318 aEbook aCRL beng cCRL 2eng aeng qCRL 4aThe New Psychology of Love bYale University Press c2006 aSocial Sciences uhttps://www.degruyter.com/isbn/9780300159318